| 000 | 00888nas a2200289 4500 | ||
|---|---|---|---|
| 001 | BR2019002033 | ||
| 003 | BR-BrBNA | ||
| 005 | 20231205132021.0 | ||
| 007 | ta | ||
| 008 | 230509b bl.|||p| |||| 00| 00por d | ||
| 040 |
_aBR-BrBNA _bpor _cBiblioteca Nacional de Agricultura |
||
| 041 | _a(En) | ||
| 072 | _aF03 | ||
| 100 | 1 | _aJunges, E. | |
| 100 | 1 | _aMuniz, M.F.B. | |
| 100 | 1 | _aBastos, B. de O. | |
| 100 | 1 | _aOruoski, P. | |
| 100 | 1 | _aMichelon, C.J. | |
| 245 | 1 | _aBiopriming in black oat seeds | |
| 650 | _aAVEIA FORRAGEIRA | ||
| 650 | _aTRATAMENTO DE SEMENTE | ||
| 650 | _aGERMINAÇÃO | ||
| 773 | 0 |
_tCientífica. Revista de Ciências Agrárias (Brazil) _xISSN 1984-5529 _g(2019), v. 47(1) p. 104-113 _wBR2019002033 |
|
| 856 | 4 | 0 | _uhttp://cientifica.org.br/index.php/cientifica/article/view/1162/697 |
| 909 |
_a202311 _bLúcia _c55 _dLúcia Elande |
||
| 942 |
_2AGRIS _n0 _cANA |
||
| 999 |
_c257986 _d257986 |
||